Foot Fix - Sudden Death - Statistics

General Stats
  • This quiz has been taken 71 times
  • The average score is 12 of 16
Answers on the Grid
Answers color-coded by a green-red scale on the quiz's grid according to % correct below.
Path
Note
Step
Stool
Loose
Hill
Print
Work
Fall
Bag
Tender
Under
Bare
Flat
Club
Big
Thread
Chunk
Honk
Rifle
Dub
Mint
Royal
Thrum
 
Answer Stats
Answer % Correct
Bare
92%
Work
90%
Big
89%
Loose
89%
Path
89%
Step
87%
Flat
84%
Note
82%
Print
82%
Stool
82%
Under
81%
Hill
74%
Club
66%
Tender
60%
Fall
55%
Bag
23%
No matching quizzes found
Score Distribution
Percent of People with Each Score
Percentile by Number Answered
Your Score History
You have not taken this quiz